| 000 | 00454pab a2200169 454500 | ||
|---|---|---|---|
| 008 | 180718b2000 xxu||||| |||| 00| 0 eng d | ||
| 100 | _aJhunjhunwala, Bharat | ||
| 245 | _aTowards new water policy: problems and priorities | ||
| 260 | _c2000 | ||
| 300 | _ap.12 | ||
| 362 | _a3 Jul | ||
| 650 | _aWater resources - India | ||
| 650 | _aWater resources management - India | ||
| 650 | _aWater resources management | ||
| 773 | _aTribune | ||
| 909 | _a47128 | ||
| 999 |
_c47128 _d47128 |
||